000 01158nam a2200253 i 4500
001 166309
003 ES-MaACL
005 20230906213314.0
008 050913s1862 sp | |||||||| ||spa d
080 _a34.096 Garavetty, Pedro
080 _a34.096 Timoner Ruiz, Manuel
080 _a34.096 Compañía de los Caminos de Hierro del Norte de España
080 _a347.447.7(460)
100 1 _aTimoner Ruiz, Manuel.
_9133256
245 1 0 _aDemanda incoada en el juzgado de estranjeria [sic] de esta corte por D. Manuel Timoner Ruiz con Mr. Pedro Garavétty, contratista general de obras en la dicha línea, sobre indemnización de daños y perjuicios por falta de cumplimiento de contrato.
260 _aMadrid :
_b[s.n.],
_c1862 (
_fImp. de Pedro Montero)
300 _a27 p. ;
_c26 cm.
594 _aPrecede al tít.: Ferro-carril del Norte de España
600 1 4 _aGaravétty, Pedro.
_9127199
600 1 4 _aTimoner Ruiz, Manuel.
_9133256
610 2 4 _aCompañia de los Caminos de Hierro del Norte de España.
_93117
700 1 _aGaravétty, Pedro.
_9127199
852 4 _aES-MaACL
_jT-75-F-2
_z- Enc. hol.
_z- Enc. en un vol. facticio
999 _c166309
_d166309